01498nam a2200373Ia 4500001001200000003000800012006001900020007001500039008004100054010001700095020001800112020001500130020001800145040002100163035002100184050002600205082002100231082001600252245009800268260010100366300002400467490007500491504006400566533015200630650002000782650002700802650001700829650001600846655002900862700001400891710001700905830007600922856012600998ebr10688065CaPaEBRm u cr cn|||||||||090407s2008 enka sb 001 0 eng d z 2009417103 z9781848162587 z1848162588 z9781848162594 aCaPaEBRcCaPaEBR a(OCoLC)82666026914aQH324.2b.A667 2008eb04a572.80285 2222204a570.28522200aApplications of fuzzy logic in bioinformaticsh[electronic resource] /cDong Xu ... [et al.]. aLondon :bImperial College Press ;aHackensack, N.J. :bDistributed by World Scientific,cc2008. axix, 225 p. :bill.1 aSeries on advances in bioinformatics and computational biology ;vv. 9 aIncludes bibliographical references (p. 196-221) and index. aElectronic reproduction.bPalo Alto, Calif. :cebrary,d2013.nAvailable via World Wide Web.nAccess may be limited to ebrary affiliated libraries. 0aBioinformatics. 0aComputational biology. 0aFuzzy logic. 0aFuzzy sets. 7aElectronic books.2local1 aXu, Dong.2 aebrary, Inc. 0aSeries on advances in bioinformatics and computational biology ;vv. 9.40uhttp://site.ebrary.com/lib/rucke/Doc?id=10688065zAn electronic book accessible through the World Wide Web; click to view